Countries That Keep Growing Past 2100 - Statistics

General Stats
  • This quiz has been taken 29 times
  • The average score is 10 of 15
Answer Stats
Answer % Correct
Nigeria
96%
Democratic Republic of the Congo
88%
Ethiopia
88%
Sudan
79%
Pakistan
75%
Tanzania
75%
United States
75%
Angola
71%
Egypt
71%
Uganda
71%
Canada
63%
Iraq
63%
Yemen
54%
South Africa
50%
Uzbekistan
17%
No matching quizzes found
Score Distribution
Percent of People with Each Score
Percentile by Number Answered
Your Score History
You have not taken this quiz